| 000 | 00633nam a22002057a 4500 | ||
|---|---|---|---|
| 942 | _cBK | ||
| 999 |
_c573 _d573 |
||
| 005 | 20250420134816.0 | ||
| 008 | 200809b ||||| |||| 00| 0 eng d | ||
| 020 | _a9781606509098 | ||
| 040 | _cKCST | ||
| 082 |
_a620.00151 _bRe In |
||
| 100 |
_aReeping, David,; Reid, Kenneth, _94957 |
||
| 245 |
_aIntroductory engineering mathematics / _cDavid Reeping; Kenneth Reid |
||
| 260 |
_aNew York : _bMomentum Press, _c2017. |
||
| 300 | _ap. | ||
| 440 |
_aGeneral engineering and K-12 engineering education collection _94958 |
||
| 650 |
_aEngineering mathematics. _94959 |
||
| 700 |
_aReid, Kenneth _94960 |
||
| 942 | _2ddc | ||